Catálogo

El fujimorismo : (Registro nro. 26548)

Detalles MARC
000 -LEADER
fixed length control field 01147cam a2200349 i 4500
001 - CONTROL NUMBER
control field 26548
003 - CONTROL NUMBER IDENTIFIER
control field Mx-PuUPA
005 - DATE AND TIME OF LATEST TRANSACTION
control field 20250923113013.0
008 - FIXED-LENGTH DATA ELEMENTS--GENERAL INFORMATION
fixed length control field 140415s2000 pe gr 001 0 spa d
017 ## - COPYRIGHT OR LEGAL DEPOSIT NUMBER
Copyright or legal deposit number 1501052000-4773
020 ## - INTERNATIONAL STANDARD BOOK NUMBER
International Standard Book Number 9972510506
020 ## - INTERNATIONAL STANDARD BOOK NUMBER
International Standard Book Number 1019-455X
040 ## - CATALOGING SOURCE
Transcribing agency Mx-PuUPA
Original cataloging agency Mx-PuUPA
Language of cataloging spa
Modifying agency Mx-PuUPA
Description conventions rda
041 0# - LANGUAGE CODE
Language code of text/sound track or separate title spa
043 ## - GEOGRAPHIC AREA CODE
Geographic area code s-pe---
100 1# - MAIN ENTRY--PERSONAL NAME
Personal name Cotler, Julio
Dates associated with a name 1932-2019
9 (RLIN) 16059
245 13 - TITLE STATEMENT
Title El fujimorismo :
Remainder of title ascenso y caída de un régimen autoritario /
Statement of responsibility, etc. Julio Cotler ; Romeo Grompone
264 #1 - PRODUCTION, PUBLICATION, DISTRIBUTION, MANUFACTURE, AND COPYRIGHT NOTICE
Place of production, publication, distribution, manufacture Lima, Perú :
Name of producer, publisher, distributor, manufacturer IEP Instituto de Estudios Peruanos,
Date of production, publication, distribution, manufacture, or copyright notice 2000
300 ## - PHYSICAL DESCRIPTION
Extent 177 páginas ;
Dimensions 21 cm
336 ## - CONTENT TYPE
Fuente rdacontent
Content type term texto
Content type code txt
337 ## - MEDIA TYPE
Source rdamedia
Media type term sin medio
Media type code n
338 ## - CARRIER TYPE
Source rdacarrier
Carrier type term volumen
Carrier type code nc
490 0# - SERIES STATEMENT
Series statement Ideología y política ;
Volume/sequential designation 15
600 14 - SUBJECT ADDED ENTRY--PERSONAL NAME
Personal name Fujimori, Alberto
Dates associated with a name 1938-2024
651 #4 - SUBJECT ADDED ENTRY--GEOGRAPHIC NAME
Geographic name Perú
General subdivision Política y gobierno
Chronological subdivision Siglo XX
651 #4 - SUBJECT ADDED ENTRY--GEOGRAPHIC NAME
Geographic name Perú
General subdivision Política y gobierno
Chronological subdivision 1980-1990
700 1# - ADDED ENTRY--PERSONAL NAME
Personal name Grompone, Romeo,
Relator term autor
942 ## - ADDED ENTRY ELEMENTS (KOHA)
Suppress in OPAC
Source of classification or shelving scheme Dewey Decimal Classification
Koha item type Libro
Classification part C84
Existencias
Withdrawn status Lost status Source of classification or shelving scheme Damaged status Not for loan Collection code Home library Current library Shelving location Date acquired Source of acquisition Cost, normal purchase price Total Checkouts Full call number Barcode Date last seen Cost, replacement price Price effective from Koha item type
    Dewey Decimal Classification     General Biblioteca Karol Wojtyla Biblioteca Karol Wojtyla Sala general 03/12/2013 Donación 0.00   320.985 C84 2000 49326 05/01/2026 0.00 03/12/2013 Libro